Global sustainabililty perspective (Record no. 120873)

MARC details
000 -LEADER
fixed length control field 00918cai a22002295a 4500
001 - CONTROL NUMBER
control field L150514
008 - FIXED-LENGTH DATA ELEMENTS--GENERAL INFORMATION
fixed length control field 100721u2010 xxk g 000 0 eng d
035 ## - SYSTEM CONTROL NUMBER
System control number (Sirsi) u150514
041 0# - LANGUAGE CODE
Language code of text/sound track or separate title eng
110 2# - MAIN ENTRY--CORPORATE NAME
Corporate name or jurisdiction name as entry element Jones Lang LaSalle
9 (RLIN) 3755
245 00 - TITLE STATEMENT
Title Global sustainabililty perspective
Medium [electronic resource]
520 ## - SUMMARY, ETC.
Summary, etc. Global Sustainabillity Perspective website from Jones Lang LaSalle covers real estate markets progress in relation to the challenges and opportunities of sustainability. Includes reports from Brazil, Russia, India and China.
590 ## - LOCAL NOTE (RLIN)
Local note KA
651 #4 - SUBJECT ADDED ENTRY--GEOGRAPHIC NAME
Geographic name Europe
651 #4 - SUBJECT ADDED ENTRY--GEOGRAPHIC NAME
Geographic name Brazil
651 #4 - SUBJECT ADDED ENTRY--GEOGRAPHIC NAME
Geographic name Russia
651 #4 - SUBJECT ADDED ENTRY--GEOGRAPHIC NAME
Geographic name India
651 #4 - SUBJECT ADDED ENTRY--GEOGRAPHIC NAME
Geographic name China
690 ## - LOCAL SUBJECT ADDED ENTRY--TOPICAL TERM (OCLC, RLIN)
Topical term or geographic name as entry element ENVIRONMENTAL AND LAND CONSULTANCY-SUSTAINABILITY
856 40 - ELECTRONIC LOCATION AND ACCESS
Uniform Resource Identifier <a href="https://www.joneslanglasalle.com/Pages/Global-Property-Sustainability-Perspective.aspx">https://www.joneslanglasalle.com/Pages/Global-Property-Sustainability-Perspective.aspx</a>
Public note view the item free of charge at www.joneslanglasalle.com...
942 ## - ADDED ENTRY ELEMENTS (KOHA)
Suppress in OPAC 0
Holdings
Withdrawn status Lost status Source of classification or shelving scheme Damaged status Not for loan Home library Current library Shelving location Date acquired Total Checkouts Full call number Barcode Date last seen Copy number Price effective from Koha item type
    Dewey Decimal Classification     Virtual Virtual Online 21/07/2010   WEBSITE 150514-2001 06/08/2019 1 06/08/2019 Online material